000 00524nam a2200169 i 4500
001 50500
003 ES-MaACL
005 20230906162207.0
007 t|
008 030805s1971 sp ||||1| spa d
100 1 _aChabannes, Jacques.
_937718
245 1 4 _aLos grandes asesinatos de la historia /
_cJacques Chabannes ; [traducción de Manuel Cuesta].
260 _a[Barcelona :
_bMartínez Roca,
_c1971]
300 _a288 p. :
_bil. ;
_c23 cm.
700 1 _aCuesta, Manuel.
_942045
852 _aES-MaACL
_jC-44568
_bR.78718
999 _c50500
_d50500